000 00602nam a2200205Ia 4500
003 OSt
005 20260417120727.0
008 160316s2012 xxu||||| |||| 00| 0 eng d
020 _a9780143424734 (pbk)
082 _a330.095482 UK
100 _aMukund, Kanakalatha
245 _aThe world of the Tamil merchant :
_bpioneers of international trade /
_cKanakalatha Mukund
260 _aLondon :
_bPenguin Books,
_c2012.
300 _axxix, 191 p. ;
_c22 cm.
365 _bRs. 309.00
650 _aMerchants - Tamil Nadu - India
650 _aCommerce - Medieval
700 _a
_a
942 _2ddc
_cBK
999 _c41508
_d41508